书目信息

书名: 打造高绩效团队 
作者: 余世维
出版信息: 北京   北京大学出版社  2009
开本页数: 24cm  186页
丛书名:
单 册:
中图分类: F272.9
科图分类:
主题词: 企业管理--组织管理学
电子资源:
ISBN: 978-7-301-14908-9
000 00722nam0 2200229 450
001 3412
005 20090304094000.0
010    @a978-7-301-14908-9@dCNY35.00
100    @a20090309d2009 em y0chiy0110 ea
101 @achi
102    @aCN@b110000
105    @ay z 000yy
106    @ar
200 @a打造高绩效团队@Ada zao gao ji xiao tuan dui@f余世维著
210    @a北京@c北京大学出版社@d2009
215    @a186页@d24cm
330    @a本书通过大量的案例,讲述了什么是团队,如何去打造一个团队,如何进行团队沟通与激励,介绍了打造高绩效团队的不二法门。
606 @a企业管理@x组织管理学
690    @aF272.9@v4
701  0 @a余世维@Ayu shi wei@4著
801  0 @aCN@b浙江省新华书店集团公司@c20090309
905    @dF272.9@e183@f5
    
    打造高绩效团队/余世维著.-北京:北京大学出版社,2009
    186页;24cm
    
    
    ISBN 978-7-301-14908-9:CNY35.00
    本书通过大量的案例,讲述了什么是团队,如何去打造一个团队,如何进行团队沟通与激励,介绍了打造高绩效团队的不二法门。
相关链接 在五车中查询图书 在当当中查询图书 在豆瓣中查询图书


正题名:打造高绩效团队     索取号:F272.9/183         预约/预借

序号 登录号 条形码 馆藏地/架位号 状态 备注
1 307677   300307677   柳城密-1楼/11架5列1层/ [索取号:F272.9/183] 在馆    
2 307678   300307678   柳城密-1楼/11架5列1层/ [索取号:F272.9/183] 在馆    
3 307679   300307679   柳城密-1楼/11架5列1层/ [索取号:F272.9/183] 在馆    
4 307680   300307680   柳城密-1楼/11架5列1层/ [索取号:F272.9/183] 在馆    
5 307681   300307681   柳城密-1楼/11架5列1层/ [索取号:F272.9/183] 在馆